000 00662nam a2200241Ia 4500
003 OSt
005 20220924151537.0
006 a|||||r|||| 00| 0
007 ta
008 220923b |||||||| |||| 00| 0 ben d
024 _a338119
037 _cTextual
040 _aARTS
_cARTS
_bben
041 _2ben
_aben
082 _aO142,1N23x, 157M5
100 _aBandyapadhyay Manabendra Tr.
_9224441
245 0 _aMiroslav holuber sresta kobita
260 _c1985
300 _a157p.
_ccm.
650 _aRUSSIAN LITERATURE
_915056
942 _hO142,1N23x, 157M5
_cTEXL
_2CC
999 _c466910
_d466910